A la publicidad le falta calle : publicidad, cultura y sociedad /

Bibliographic Details
Main Author: Novoa Montoya, Andrés Ricardo (Author)
Format: Electronic eBook
Language:Spanish
Published: Bogotá : Editorial UTADEO, [2023]
Subjects:
Online Access:Digitalia Hispánica

MARC

LEADER 00000nam a2200000Ii 4500
001 DIGEJTLOZ222
003 NyNyDIG
006 m o d
007 cr |||||||||||
008 250204s2023 ck a ob 000 0 spa d
035 |a (OCoLC)1381547381 
040 |a DGITA  |b eng  |e rda  |e pn  |c DGITA 
020 |a 9789587253399  |q (ePub) 
020 |a 9789587253382  |q (digital) 
020 |z 9789587253375  |q (impreso) 
024 7 |a https://doi.org/10.21789/9789587253375  |2 doi 
050 1 4 |a HF5823 ebook 
082 0 4 |a 659.104  |2 23 
100 1 |a Novoa Montoya, Andrés Ricardo,  |e author. 
245 1 0 |a A la publicidad le falta calle :  |b publicidad, cultura y sociedad /  |c Andrés Ricardo Novoa Montoya. 
264 1 |a Bogotá :  |b Editorial UTADEO,  |c [2023] 
300 |a 1 online resource :  |b illustrations. 
336 |a text  |b txt  |2 rdacontent 
337 |a computer  |b c  |2 rdamedia 
338 |a online resource  |b cr  |2 rdacarrier 
347 |a text file  |2 rdaft 
347 |b PDF 
504 |a Includes bibliographical references. 
588 0 |a Online resource; title from PDF title page (Digitalia, viewed February 4, 2025) 
650 0 |a Advertising. 
650 0 |a Advertising campaigns. 
650 0 |a Advertising  |x Social aspects. 
650 0 |a Marketing. 
791 2 |a Digitalia (Firm),  |e distributor. 
793 0 |g Digitalia eBook Collection:  |a Editorial Jorge Tadeo Lozano 
776 0 8 |i Print version:  |a Novoa Montoya, Andrés Ricardo.  |t A la publicidad le falta calle.  |b Primera edición.  |d Bogotá : Editorial UTADEO, [2023]  |z 9789587253375 
856 4 0 |3 Digitalia Hispánica  |u https://www.digitaliapublishing.com/a/170607/ 
910 |a Premium collection: 2025